Every Men’s NCAA DI XC National Champion Team - Statistics

General Stats
  • This quiz has been taken 16 times
  • The average score is 55 of 87
Answer Stats
Year School % Correct
2024 BYU
100%
2019 BYU
100%
2000 Arkansas
86%
1999 Arkansas
86%
1998 Arkansas
86%
1995 Arkansas
86%
1993 Arkansas
86%
1992 Arkansas
86%
1991 Arkansas
86%
1990 Arkansas
86%
1987 Arkansas
86%
1986 Arkansas
86%
1984 Arkansas
86%
1940 Indiana
86%
1938 Indiana
86%
1942 Indiana/Penn State
86%
2025 Oklahoma State
86%
2023 Oklahoma State
86%
2012 Oklahoma State
86%
2010 Oklahoma State
86%
2009 Oklahoma State
86%
1954 Oklahoma State
86%
2008 Oregon
86%
2007 Oregon
86%
1977 Oregon
86%
1974 Oregon
86%
1973 Oregon
86%
1971 Oregon
86%
1950 Penn State
86%
1947 Penn State
86%
2011 Wisconsin
86%
2005 Wisconsin
86%
1988 Wisconsin
86%
1985 Wisconsin
86%
1982 Wisconsin
86%
2014 Colorado
71%
2013 Colorado
71%
2006 Colorado
71%
2004 Colorado
71%
2001 Colorado
71%
1957 Notre Dame
71%
1961 Oregon State
71%
2003 Stanford
71%
2002 Stanford
71%
1997 Stanford
71%
1996 Stanford
71%
1953 Kansas
57%
1959 Michigan State
57%
1958 Michigan State
57%
1956 Michigan State
57%
1955 Michigan State
57%
1952 Michigan State
57%
1949 Michigan State
57%
1948 Michigan State
57%
1939 Michigan State
57%
2015 Syracuse
57%
1951 Syracuse
57%
1970 Villanova
57%
1968 Villanova
57%
1967 Villanova
57%
1966 Villanova
57%
1994 Iowa State
43%
1989 Iowa State
43%
2022 Northern Arizona
43%
2021 Northern Arizona
43%
2020 Northern Arizona
43%
2018 Northern Arizona
43%
2017 Northern Arizona
43%
2016 Northern Arizona
43%
1972 Tennessee
43%
1983 UTEP
43%
1981 UTEP
43%
1980 UTEP
43%
1979 UTEP
43%
1978 UTEP
43%
1976 UTEP
43%
1975 UTEP
43%
1969 UTEP
43%
1946 Drake
14%
1945 Drake
14%
1944 Drake
14%
1960 Houston
14%
1941 Rhode Island
14%
1965 Western Michigan
14%
1964 Western Michigan
14%
1963 San Jose State
0%
1962 San Jose State
0%
No matching quizzes found
Score Distribution
Percent of People with Each Score
Percentile by Number Answered
Your Score History
You have not taken this quiz